Rice farming systems new directions

Đã lưu trong:
书目详细资料
主要作者: IRRI
格式: 图书
语言:Undetermined
出版: Manila IRRI 1989
主题:
标签: 添加标签
没有标签, 成为第一个标记此记录!
Thư viện lưu trữ: Trung tâm Học liệu Trường Đại học Cần Thơ
LEADER 00474nam a2200181Ia 4500
001 CTU_7982
008 210402s9999 xx 000 0 und d
082 |a 633.18 
082 |b I71r 
100 |a IRRI 
245 0 |a Rice farming systems new directions 
245 0 |c IRRI 
260 |a Manila 
260 |b IRRI 
260 |c 1989 
650 |a farm management,rice 
904 |i Nguyễn Quang Điền, 960909 
980 |a Trung tâm Học liệu Trường Đại học Cần Thơ